000
00346cam a2200157ua 4500
041
_a
eng
_h
082
_a
823.308
_b
MAU/IW
100
_a
Maurier, Daphne du .
245
_a
I will never be young again
250
_a
1 /
_b
.
260
_a
:
_b
Penguin books ,
_c
1966.
300
_a
281 ; .
504
_a
942
_c
BK
999
_c
7669
_d
7669